[Event "XVII MetLife Najdorf Open 2017"]
[Site "Warsaw"]
[Date "2017.07.17"]
[Round "9"]
[White "Efimenko, Zahar"]
[Black "Kveinys, Aloyzas"]
[Result "1/2-1/2"]
[WhiteElo "2643"]
[BlackElo "2542"]
[Annotator "TA"]
[PlyCount "59"]
[EventDate "2017.??.??"]
[EventType "swiss"]
[EventCountry "POL"]
[SourceTitle "playchess.com"]
[Source "ChessBase"]
[SourceQuality "1"]

{[%evp 18,59,42,17,25,14,51,51,50,37,52,44,56,32,35,31,19,48,83,14,9,0,0,-16,27,27,36,33,54,13,41,0,17,0,0,0,22,0,0,0,12,0,0,0]} 1. d4 Nf6 2. Nf3 e6 3. e3 c5 4. Bd3 d5 5. b3 Nc6 6. O-O Qc7 7. c4 cxd4 8. exd4 Be7 9. Bb2 O-O 10. Nbd2 {LiveBook: 5 Games} Nb4 {D05: Colle System with ...e6} 11. Be2 Ne4 12. a3 Nc6 {White is slightly better.} 13. Rc1 {[%cal Ba1c1,Bc1c2,Bc2d2][%mdl 32]} Qf4 $146 ({Predecessor:} 13... Bf6 14. Bd3 Nxd2 15. Qxd2 {1-0 (30) Jovanic,O (2515)-Ljubicic,F (2415) Zadar 2008}) 14. Rc2 Rd8 15. b4 Nxd2 16. Rxd2 dxc4 17. Bxc4 Bd7 18. Qe2 (18. g3 $16 Qg4 19. Be2) 18... Bf6 $11 19. Rfd1 Ne7 20. b5 Rac8 (20... a6 $5) 21. Ne5 Nd5 22. g3 Qh6 23. Ng4 Qh3 {Threatening ...Bg5.} 24. Bd3 Be7 {The position is equal.} 25. Ne5 Be8 26. Be4 f6 27. Bg2 Qf5 28. Be4 Qh3 29. Bg2 Qf5 30. Be4 {Precision: White = 58%, Black = 71%.} 1/2-1/2

[Event "XVII MetLife Najdorf Open 2017"]
[Site "Warsaw"]
[Date "2017.07.17"]
[Round "9"]
[White "Kovalev, Vladislav"]
[Black "Warakomski, Tomasz"]
[Result "1/2-1/2"]
[WhiteElo "2639"]
[BlackElo "2518"]
[Annotator "TA"]
[PlyCount "132"]
[EventDate "2017.??.??"]
[EventType "swiss"]
[EventCountry "POL"]
[SourceTitle "playchess.com"]
[Source "ChessBase"]
[SourceQuality "1"]

{[%evp 10,132,16,9,19,19,37,15,12,0,6,8,22,21,43,38,60,25,76,76,86,39,87,85,85,94,175,176,171,125,128,67,116,100,114,115,114,8,18,0,0,0,0,0,0,0,0,0,29,28,28,32,155,27,27,28,36,0,0,0,0,0,3,4,6,6,29,0,12,7,35,31,38,46,19,18,22,5,18,9,82,81,230,209,238,231,237,219,94,23,43,14,14,0,0,0,0,0,0,0,0,0,0,0,0,0,0,0,0,0,0,0,0,0,0,0,0,0,0,0,0,0,0,0,0]} 1. e4 c6 2. Nc3 d5 3. Nf3 Bg4 4. h3 Bxf3 5. Qxf3 e6 6. Be2 {LiveBook: 171 Games} d4 {B11: Caro-Kann: Two Knights Variation} (6... Bc5 7. O-O Ne7 8. Na4 Bd6 9. d4 dxe4 10. Qxe4 Nd7 11. Rd1 O-O 12. Qf3 Qa5 13. Nc3 Nf6 14. Ne4 Nxe4 15. Qxe4 {1-0 (57) Vachier Lagrave,M (2796)-Mamedyarov,S (2800) Paris 2017}) 7. Nb1 Nd7 8. d3 Bd6 9. g3 Ne7 10. O-O $146 ({Predecessor:} 10. Qg2 O-O 11. O-O f5 12. f4 Rc8 13. a4 a5 14. Bd2 {1-0 (45) Karibaeva,E (2203)-Gudilina,G (2050) Obninsk 2007}) 10... h5 11. h4 Ne5 12. Qg2 f6 13. f4 Nf7 (13... Ng4 $11) 14. Nd2 $16 Qd7 15. a4 g6 16. c3 c5 17. Nc4 e5 (17... Nc6 $16) 18. cxd4 $18 cxd4 19. Nxd6+ Qxd6 20. b3 (20. Bd1 $16) 20... Qe6 21. Qf2 Rc8 22. fxe5 fxe5 23. Ba3 (23. Bd1 $16) 23... O-O $11 24. Rac1 Ng5 $1 {[%cal Rg5h3]} 25. Qg2 Rxc1 $1 26. Bxc1 Rxf1+ 27. Kxf1 Nf7 28. Bd1 Kg7 29. g4 Qf6+ 30. Qf2 Qc6 (30... hxg4 $14 31. Bxg4 Qb6) 31. Bd2 ({White has to play} 31. Ba3 $16) 31... hxg4 32. Bxg4 Ng8 33. Bd1 Nf6 34. Qg3 Kh7 35. b4 Qe6 36. Ke1 Nh6 37. Qf3 Nhg4 38. Qg3 Nh6 39. Qg2 Nhg4 40. Qh3 Qc8 41. a5 Kg7 42. b5 Kh7 43. Qg3 Qe6 44. Bg5 Nh6 (44... Qc8 $11) 45. Qf2 $16 Kg7 (45... Nd7 $16) 46. Bb3 $1 $18 {[%cal Rb3e6]} Qd6 {[#]} 47. Qc2 $1 Nd7 {[#]} 48. Qc8 $1 {White threatens Bxh6+ and mate.} Qb4+ 49. Ke2 ({Better is} 49. Kf2 $16 {White wants to mate with Bxh6+.} Qxb3 50. Bxh6+ Kh7 51. Bd2 Qxb5 52. Qe8) 49... Qxb3 $11 50. Qxd7+ (50. Bxh6+ $5 Kh7 51. Bg5 Qb2+ 52. Bd2 Qxb5 53. Qe8 $16) 50... Nf7 {The position is equal.} 51. Qxb7 Qa2+ $1 52. Bd2 Qe6 53. Kd1 {Threatens to win with Qd5.} (53. h5 $5) 53... Qb3+ $1 54. Ke2 Qe6 55. Be1 {Strongly threatening b6.} Qa2+ 56. Kf1 {aiming for Qa6.} Qc2 57. b6 Qxd3+ 58. Kg1 Qd1 59. bxa7 {Kf2 is the strong threat.} Qxe1+ 60. Kg2 Qe2+ 61. Kg3 Qe1+ 62. Kg2 Qd2+ 63. Kh3 Qe3+ 64. Kg2 Qe2+ 65. Kg3 {[#]} g5 $1 66. a8=Q {Black must now prevent Qxf7+.} (66. hxg5 Qe3+) 66... Qe3+ {Precision: White = 50%, Black = 58%.} 1/2-1/2

[Event "XVII MetLife Najdorf Open 2017"]
[Site "Warsaw"]
[Date "2017.07.17"]
[Round "9"]
[White "Fridman, Daniel"]
[Black "Piorun, Kacper"]
[Result "1/2-1/2"]
[WhiteElo "2635"]
[BlackElo "2632"]
[Annotator "TA"]
[PlyCount "29"]
[EventDate "2017.??.??"]
[EventType "swiss"]
[EventCountry "POL"]
[SourceTitle "playchess.com"]
[Source "ChessBase"]
[SourceQuality "1"]

{[%evp 12,29,17,-4,16,15,24,24,29,12,12,1,8,13,11,-9,-9,-18,-19,-25]} 1. d4 Nf6 2. Nf3 g6 3. g3 Bg7 4. Bg2 d5 5. O-O O-O 6. c4 c6 7. Qa4 {LiveBook: 101 Games} a6 {D78: Fianchetto Grünfeld: 6 0-0 c6} 8. Qb3 $146 ({Predecessor:} 8. Bf4 Be6 9. cxd5 cxd5 10. Qb3 Ra7 11. Ne5 Ne4 12. Rd1 Nd7 13. Nc3 Nxc3 14. Qxc3 Ra8 15. Qb3 {½-½ (44) Carlsen,M (2815)-Aronian,L (2808) Monte Carlo 2011}) 8... b5 9. cxd5 cxd5 {White has an edge.} 10. Ne5 Bb7 {The position is equal.} 11. Nc3 Nc6 12. Nxc6 Bxc6 13. Rd1 e6 14. Bg5 Qd7 15. Bxf6 1/2-1/2

[Event "XVII MetLife Najdorf Open 2017"]
[Site "Warsaw"]
[Date "2017.07.17"]
[Round "9"]
[White "Edouard, Romain"]
[Black "Mista, Aleksander"]
[Result "0-1"]
[WhiteElo "2622"]
[BlackElo "2599"]
[Annotator "TA"]
[PlyCount "148"]
[EventDate "2017.??.??"]
[EventType "swiss"]
[EventCountry "POL"]
[SourceTitle "playchess.com"]
[Source "ChessBase"]
[SourceQuality "1"]

{[%evp 16,148,17,11,10,10,26,37,43,13,20,14,22,0,0,0,0,4,26,0,35,20,16,22,18,27,55,55,58,16,46,14,33,32,57,46,63,51,65,62,75,71,81,54,87,53,110,81,88,0,104,74,87,29,16,32,27,17,20,26,24,16,29,26,82,0,0,0,0,0,0,0,0,0,0,0,0,0,0,0,0,0,0,0,0,0,0,0,0,-8,-8,-8,-8,-8,0,0,0,-8,-8,-63,-62,-62,-61,-60,-60,-110,-56,-238,-236,-237,-241,-221,-179,-178,-169,-176,-183,-245,-235,-246,-232,-227,-185,-280,-288,-277,-269,-4564,-2191,-29977,-29980,-4929,-4926,-29985,-29986]} 1. c4 c5 2. Nf3 Nc6 3. d4 cxd4 4. Nxd4 Nf6 5. Nc3 e6 6. a3 Bc5 7. Nb3 {A33: Symmetrical English: 2 Nf3 Nf6 3 d4 cxd4 4 Nxd4 e6 5 Nc3 Nc6} Bb6 (7... Be7 8. e4 O-O 9. Be2 b6 10. O-O Bb7 11. Be3 d6 12. f4 Rc8 13. Rc1 Nb8 14. Qd3 a6 15. Nd4 Nc6 16. b4 Nxd4 17. Bxd4 Nd7 18. Qg3 Bf6 19. Rfd1 {1-0 (70) Adams,M (2751)-Hou,Y (2651) Caleta 2017}) 8. e4 O-O 9. Be2 {LiveBook: 4 Games. The position is equal.} d6 10. O-O h6 $146 ({Predecessor:} 10... a5 11. Bg5 h6 12. Bh4 g5 13. Bg3 e5 14. Kh1 a4 {0-1 (43) Yuferev,O (2270)-Cvek,R (2516) Pardubice 2014}) 11. Qd3 e5 12. Be3 Be6 13. Rfd1 Rc8 14. Nd5 Bxe3 15. Qxe3 Nd7 16. Nc3 Qb6 17. Nd5 (17. Nb5 {with more complications.} Qxe3 18. fxe3 Nc5 19. Nd2 a6 20. Nc3) 17... Bxd5 (17... Qd8 {feels hotter.}) 18. cxd5 Nd4 19. Nxd4 exd4 20. Qxd4 Qxd4 21. Rxd4 Rc2 22. Bg4 (22. Bb5 $5 {[%cal Rb5d7]} Nc5 23. Rb1 $14) 22... Ne5 23. h3 g5 24. Rb1 Re8 25. Bd1 $36 {[%mdl 2048] White has good play.} Rc5 26. f3 {[%cal Bf2f3,Bf3f4][%mdl 32]} Rec8 27. Kf2 Kg7 28. g3 Ng6 29. Ke3 Re8 30. f4 Ne7 ({Better is} 30... f5 $14) 31. Kd2 Ng6 32. Ke3 Ne7 $1 {and if ...Nf5+ works, Black does fine.} 33. Kd3 f5 34. Bb3 (34. Bf3 $16) 34... gxf4 $11 35. gxf4 Ng6 $1 36. exf5 Nh4 $1 37. Re4 Rxe4 38. Kxe4 {[%mdl 4096] Endgame With the idea Rg1+. KRB-KRN} Kf6 39. Rg1 Rb5 {[#]} (39... Nxf5 $11 40. Rg8 Rc1) 40. Rg3 (40. Bd1 $1 $16 {[%cal Rd1h5] Black must now prevent Bh5.} Rc5 41. Be2) 40... Nxf5 41. Rc3 a5 42. Kd3 Ne7 43. Ke4 h5 44. f5 h4 45. Rf3 b6 46. Kf4 a4 47. Bxa4 Rxb2 48. Bd7 Nxd5+ 49. Kg4 Ke5 50. Kxh4 {aiming for f6!} (50. Bc6 {seems wilder.} Nf6+ 51. Kg5 d5 52. Kxh4 d4 53. a4) 50... Nf6 51. Bc8 Rc2 52. Be6 d5 {[%cal Bd6d5,Bd5d4,Bd4d3,Bd3d2][%mdl 32]} 53. Rb3 d4 54. Rb5+ Kf4 {( -> ...Rc7)} 55. Rb4 $1 {[%cal Rb4d4]} (55. Rxb6 Rc7 $19) 55... Ke5 56. Rb5+ Rc5 57. Rxb6 ({White should play} 57. Rxc5+ $1 $11 bxc5 58. a4) 57... d3 $15 {Strongly threatening ...d2.} 58. Bb3 $1 d2 {[%mdl 1024] And now ...Rc4+! would win. Black has compensation.} 59. Kg5 $1 Ne4+ $1 60. Kg6 {[#]} Rc3 (60... Nd6 $1 $17 {Threatens to win with ...Rc3.} 61. f6 Rc3) 61. Bd1 $2 (61. Re6+ $1 $15 Kf4 62. Bd1 Rg3+ 63. Kf7) 61... Rg3+ $19 (61... Rxa3 62. Re6+ Kd5 63. h4 $11) 62. Kf7 Nd6+ ({Don't do} 62... Rxa3 63. Rb5+ Kf4 64. Rd5 $17) ({Don't take} 62... Kxf5 63. Rb3) (62... Rxh3 63. Rb5+ Kd6 64. Rb4 $15) 63. Kf8 Rg1 64. Ba4 Rf1 65. Rb2 Rxf5+ 66. Ke7 (66. Kg7 $142 Rf2 67. Bd1) 66... Rf7+ 67. Kd8 Rf2 68. Bd1 Nc4 69. Rb4 (69. Rb3 {was called for.}) 69... Ne3 ({Don't play} 69... Nxa3 70. Kc7 $19) 70. Ba4 Rf8+ 71. Ke7 $2 (71. Kd7) 71... Ra8 72. Rb2 Ra7+ 73. Kd8 Nc4 74. Rb5+ Kd6 {Precision: White = 53%, Black = 68%.} 0-1

[Event "XVII MetLife Najdorf Open 2017"]
[Site "Warsaw"]
[Date "2017.07.17"]
[Round "9"]
[White "Jumabayev, Rinat"]
[Black "Socko, Monika"]
[Result "1-0"]
[WhiteElo "2620"]
[BlackElo "2480"]
[Annotator "TA"]
[PlyCount "85"]
[EventDate "2017.??.??"]
[EventType "swiss"]
[EventCountry "POL"]
[SourceTitle "playchess.com"]
[Source "ChessBase"]
[SourceQuality "1"]

{[%evp 9,85,54,57,48,33,31,51,54,91,23,67,40,64,53,89,72,118,115,122,118,129,133,142,106,116,98,154,143,148,145,183,68,130,130,125,117,114,122,206,213,179,172,175,174,209,201,385,391,400,304,379,401,432,415,425,415,430,396,410,397,418,414,464,460,858,853,844,830,999,984,29988,29989,29992,29992,29997,29998,29998,29999]} 1. d4 Nf6 2. Bf4 g6 3. Nc3 Bg7 4. e4 d6 5. Qd2 a6 {LiveBook: 3 Games} (5... Nc6 6. Nf3 Bg4 7. d5 Nb8 8. Be2 Nbd7 9. h3 Bxf3 10. Bxf3 c5 11. O-O a6 12. a4 O-O 13. Rfe1 {1-0 (39) Wei,Y (2707)-Mamedov,R (2688) Doha 2016}) 6. O-O-O {B07: Pirc Defence: Miscellaneous Systems} b5 7. f3 c6 8. Kb1 $146 {White is slightly better.} ({Predecessor:} 8. Bh6 Bxh6 9. Qxh6 Qc7 10. Nh3 Bxh3 11. Qxh3 Nbd7 12. g4 O-O-O 13. Qg3 e5 {½-½ (55) Johannsen,I (2186)-Szenetra,W (2211) Bad Bertrich 2005}) 8... b4 9. Nce2 (9. Na4 $16) 9... Nbd7 10. Bh6 Bxh6 11. Qxh6 Qa5 12. Nc1 Bb7 13. Nh3 O-O-O 14. Bc4 $1 d5 15. Bb3 {Hoping for e5.} Rdf8 16. Qh4 e6 17. Nd3 Qb5 ({Black should play} 17... Qb6) 18. e5 $16 Ne8 19. Qe7 $36 {[%mdl 2048] Threatens to win with Ng5. White is really pushing.} a5 20. a3 (20. Ng5 $18) 20... a4 ({Better is} 20... c5 $14) 21. Bxa4 Qxa4 {[#]} 22. Qxd7+ $1 {[%mdl 512]} Kxd7 23. Nc5+ Kc8 (23... Ke7 $16 {was called for.} 24. Nxa4 bxa3) 24. Nxa4 $18 bxa3 25. b3 {[%cal Bb2b3,Bb3c4][%mdl 32]} Nc7 26. Ka2 Nb5 27. c4 dxc4 $2 (27... Nc7 {was worth a try.} 28. Kxa3 Na6) 28. bxc4 Nc7 29. Rd3 Ba6 30. Rc1 Kd7 31. Rxa3 Ke7 32. Nc5 Ra8 33. Kb3 Rhb8+ {[#]} 34. Kc3 $1 Bc8 35. Rca1 h6 36. Nf2 f5 (36... Rxa3+ $142 37. Rxa3 Ra8) 37. exf6+ Kxf6 38. Ng4+ Kg5 39. Ne4+ Kh5 40. Rxa8 {White mates.} Rxa8 41. Rxa8 Nxa8 42. g3 {[%cal Rg4f6]} g5 43. Ne5 {Precision: White = 80%, Black = 34%.} 1-0

[Event "XVII MetLife Najdorf Open 2017"]
[Site "Warsaw"]
[Date "2017.07.17"]
[Round "9"]
[White "Tomczak, Jacek"]
[Black "Annaberdiev, Meilis"]
[Result "1-0"]
[WhiteElo "2596"]
[BlackElo "2485"]
[Annotator "TA"]
[PlyCount "63"]
[EventDate "2017.??.??"]
[EventType "swiss"]
[EventCountry "POL"]
[SourceTitle "playchess.com"]
[Source "ChessBase"]
[SourceQuality "1"]

{[%evp 21,63,30,27,29,37,37,37,34,29,34,34,43,35,41,35,23,27,25,62,52,114,130,222,237,466,433,481,525,510,483,727,627,710,642,861,718,1268,1250,1208,1187,29987,29988,29991,29992]} 1. e4 c5 2. Nf3 d6 3. d4 cxd4 4. Nxd4 Nf6 5. Nc3 Nc6 6. f3 e5 7. Nb3 Be7 8. Be3 O-O 9. Qd2 a5 10. Bb5 Be6 11. O-O-O Na7 {LiveBook: 18 Games. B56: Classical Sicilian: Unusual Lines} (11... Qb8 12. g4 a4 13. Nxa4 d5 14. g5 d4 15. gxf6 dxe3 16. Qxe3 Bxf6 17. Bxc6 bxc6 18. Nbc5 Bxa2 19. Nd7 {½-½ (80) Vachier Lagrave,M (2796)-Grischuk,A (2761) Paris 2017}) 12. Bxa7 Rxa7 13. Kb1 Qb6 {White is slightly better.} 14. a4 Raa8 15. g4 {[%cal Bg2g4,Bg4g5][%mdl 32]} Rfd8 16. g5 $146 ({Predecessor:} 16. Qe1 Ne8 17. Qe2 Nc7 18. Bc4 {0-1 (36) Suarez Gomez,J (2413)-Baryshpolets,A (2551) Benasque 2016}) 16... Nh5 17. h4 Nf4 18. Nd5 $36 {[%mdl 2048] White fights for an advantage.} Bxd5 19. exd5 f6 20. Qh2 Qc7 ({Better is} 20... Nh5 $14) 21. Rd4 $16 exd4 (21... Rf8 $16) 22. Qxf4 $18 fxg5 $2 (22... Rf8) 23. hxg5 g6 24. Nxd4 {[#] Black must now prevent Ne6.} Bf8 25. Ne6 Qe7 (25... Qf7 $142 26. Qxf7+ Kxf7 27. Rxh7+ Kg8) 26. Qh4 Qf7 27. f4 Rdc8 28. Bd3 b5 29. f5 gxf5 30. Qh3 bxa4 31. g6 {[%cal Bg5g6,Bg6g7][%mdl 32]} Qb7 32. g7 {Precision: White = 86%, Black = 39%.} 1-0

[Event "XVII MetLife Najdorf Open 2017"]
[Site "Warsaw"]
[Date "2017.07.17"]
[Round "9"]
[White "Aleksandrov, Aleksej"]
[Black "Hnydiuk, Aleksander"]
[Result "1-0"]
[WhiteElo "2581"]
[BlackElo "2422"]
[Annotator "TA"]
[PlyCount "261"]
[EventDate "2017.??.??"]
[EventType "swiss"]
[EventCountry "POL"]
[SourceTitle "playchess.com"]
[Source "ChessBase"]
[SourceQuality "1"]

{[%evp 19,261,37,52,39,26,46,51,16,54,21,14,17,71,55,56,52,64,78,58,65,78,44,46,70,121,116,127,139,143,93,111,90,112,108,241,238,247,257,250,255,258,252,247,259,362,288,298,288,314,214,221,221,216,214,218,199,197,180,241,199,194,182,186,154,150,150,150,147,147,149,152,149,138,88,89,89,90,71,78,0,80,77,78,81,78,77,78,71,71,62,71,71,71,71,71,71,71,71,71,71,71,71,71,71,71,64,71,0,71,41,71,71,71,64,64,64,64,64,71,71,71,71,71,71,71,71,71,71,71,71,71,8,71,71,71,10,735,399,447,71,71,71,71,71,71,71,71,71,71,8,71,0,71,129,269,71,71,71,7104,71,4968,71,5089,1590,5100,4510,5389,6291,5193,3378,5811,3785,1831,1360,1097,972,968,71,716,958,923,880,858,540,5769,6292,2632,725,6510,5289,6291,3695,29936,29942,29945,29950,29944,29954,29969,29972,29969,29959,29951,29958,29963,29958,29964,29964,29964,29965,29959,29962,5385,5405,29974,29975,29972,29957,29968,12478,3187,5081,29979,29980,29979,29981,29980,29982,29982,29979,29981,29982,29982,29983,29986,29986,29987,29988,29988,29988,29988,29987,29988,29987]} 1. d4 Nf6 2. c4 {[%cal Bc2c4,Bc4b5][%mdl 32]} c5 3. d5 b5 4. cxb5 a6 5. bxa6 g6 6. Nc3 {A58: Benko/Volga Gambit: Lines with 5 bxa6} Bg7 7. e4 O-O 8. a7 Rxa7 9. Nf3 e6 10. Be2 exd5 {LiveBook: 23 Games} 11. exd5 d6 12. O-O Na6 13. Bc4 {[#]} Re8 $146 ({Predecessor:} 13... Bf5) 14. Re1 (14. Nb5 {seems wilder.} Rb7 15. a4 Ne4 16. Re1 Nb4 17. Re2) 14... Rxe1+ 15. Nxe1 Re7 (15... Nc7 $11) 16. Bd2 $36 {[%mdl 2048] White is more active.} Nc7 {[%cal Ba6c7,Bc7a8,Ba8b6][%mdl 32]} 17. Qb3 Na8 18. a4 Nb6 19. Bb5 Bb7 $1 {[%cal Rb6d5]} 20. Bc6 Ba6 $1 21. Nb5 Re2 (21... c4 $14 22. Qc2 Nfxd5) 22. Nf3 $1 $16 Ng4 23. Re1 Qe7 24. a5 Nc8 25. Qd1 $1 Rxe1+ 26. Qxe1 Qxe1+ (26... Qd8 $16) 27. Bxe1 $18 Bxb2 28. Nc7 $1 {[%cal Rc7a6]} Bd3 29. Bd7 $1 {[%csl LRc8,LRg4]} Bf5 30. Bxf5 $1 gxf5 31. a6 {[%cal Ba5a6,Ba6a7][%mdl 32]} c4 32. Nb5 Nf6 {[#]} 33. Nxd6 $1 {[%mdl 512]} Nb6 (33... Nxd6 34. a7) 34. a7 c3 35. Nd4 ({Weaker is} 35. Nxf5 c2 $14) 35... Nfxd5 36. N6xf5 Kf8 37. Nc2 Ke8 38. Nd6+ Ke7 (38... Kd7 {was worth a try.}) 39. Nc8+ Kd7 40. Nxb6+ Nxb6 {[%mdl 4096] Endgame KBN-KBN} 41. f4 Kc6 42. Bf2 Na8 43. Kf1 Kb7 44. Ke2 Nc7 45. Kd3 Nb5 46. Kc4 Nxa7 47. Bd4 Nc8 48. Kb3 Ne7 49. Kc4 ({White should play} 49. Bxc3 $16 Bxc3 50. Kxc3) 49... Kc8 (49... Nc8 $1 $11 {remains equal.}) 50. g3 $16 Kd7 51. Bxc3 Bxc3 52. Kxc3 {KN-KN} Ke6 53. Kd4 h5 54. Ne3 f5 55. Kc5 Ng6 56. Ng2 Nf8 57. Kc6 Nd7 58. Nh4 {Threatens to win with Nxf5!} Nf6 59. Nf3 Ng4 60. Kc5 $1 Ne3 61. Kd4 Ng4 62. Kc4 (62. h3 $5 {[%cal Rh3g4]} Nf2 63. Ke3 Nd1+ 64. Ke2 Nc3+ 65. Kd3 $16) 62... Ne3+ 63. Kd4 Ng4 $1 64. Kd3 Nf2+ 65. Ke2 Ng4 66. Kf1 Ne3+ 67. Kf2 Ng4+ 68. Kg2 {And now Kh3 would win.} Kf6 69. Nd4 Ne3+ 70. Kf3 Ng4 71. h3 Nh6 72. Ke3 Nf7 73. Nb5 Nd8 74. Nc7 Nc6 75. Kd3 (75. h4 $16) 75... Nb4+ (75... h4 $1 $11) 76. Kc3 Nc6 77. Kc4 (77. Nd5+ $16 Kf7 78. Ne3) 77... Nd8 $2 {[%mdl 8192]} (77... h4 $11) 78. Kd5 $1 $18 Kg6 79. h4 $2 (79. Ne6 $1 $18 {[%cal Re6d8]} Nf7 80. Nd4) 79... Kf6 $16 80. Kd6 {Strongly threatening Nd5+.} Nb7+ 81. Kc6 Na5+ 82. Kd7 Nb3 83. Nd5+ Kg6 84. Ne7+ (84. Ke8 $16) 84... Kf6 (84... Kf7 $1 $11) 85. Nd5+ Kg6 86. Ke7 Nd4 87. Nc3 $2 (87. Nb4 $1 $18) 87... Nc6+ 88. Kd6 Nb4 $2 {[%mdl 8192]} (88... Nd4 $16) 89. Kc5 $2 (89. Ke6 $18 {Nd5 is the strong threat.} Nd3 90. Nd5 Nc5+ 91. Kd6) 89... Nd3+ $2 {[%mdl 8192]} (89... Nc2 $16) 90. Kd4 $2 (90. Kd5 $1 $18 {[%cal Rd5d6] and the rest is easy.} Kf6 91. Kd6) 90... Nf2 $2 {[%mdl 8192]} (90... Ne1 $16) 91. Ke5 $1 $18 Nd3+ 92. Kd5 $1 {[%cal Rd5d6]} Nf2 93. Ke6 $1 Nd3 94. Na4 Nf2 95. Nb6 Ne4 96. Nc8 Nc5+ 97. Kd5 Nd3 98. Kd4 $2 (98. Ne7+ $18 {has better winning chances.} Kf6 99. Kd6) 98... Nf2 $2 {[%mdl 8192] [#]} (98... Nc1 $16) 99. Ke5 $1 {[%cal Re5e6]} Nd3+ {[#]} 100. Kd6 $1 {[%cal Rd6e6]} Kf6 101. Ne7 Nf2 {intending ...Ne4+.} 102. Nd5+ Kf7 103. Ke5 Ne4 104. Kxf5 Nxg3+ 105. Kg5 Ne4+ 106. Kxh5 Ke6 107. Ne3 Kf6 108. Kg4 Nf2+ 109. Kf3 Nd3 110. Nf1 Kf5 111. Ng3+ Kg6 112. Ke4 Nc5+ 113. Kd4 Nd7 114. f5+ Kf6 115. Kd5 Nb6+ 116. Ke4 Nc4 117. Kf4 Kg7 118. Kg5 Nd6 119. Nh5+ (119. f6+ $142 Kh7 120. h5 Kg8 121. Kg6 Kf8 122. h6 Nf7 123. h7 Nh8+ 124. Kf5) 119... Kf7 120. Nf6 Nc4 121. Ng4 {White mates.} Nd6 122. Ne5+ Kg7 123. f6+ Kh7 124. Ng4 Nf7+ 125. Kf5 Nd8 126. h5 Nf7 127. Ke6 Kg8 128. Ke7 Ng5 129. Nh6+ Kh7 130. Nf5 Kg8 131. Ke8 {Precision: White = 60%, Black = 46%.} 1-0

[Event "XVII MetLife Najdorf Open 2017"]
[Site "Warsaw"]
[Date "2017.07.17"]
[Round "9"]
[White "Sadzikowski, Daniel"]
[Black "Sengupta, Deep"]
[Result "1/2-1/2"]
[WhiteElo "2563"]
[BlackElo "2596"]
[Annotator "TA"]
[PlyCount "91"]
[EventDate "2017.??.??"]
[EventType "swiss"]
[EventCountry "POL"]
[SourceTitle "playchess.com"]
[Source "ChessBase"]
[SourceQuality "1"]

{[%evp 22,91,19,0,0,0,34,40,44,36,50,0,0,0,0,-9,-9,-8,31,0,0,-40,-50,-45,-27,-23,-19,-29,-15,-25,0,-11,0,-39,-18,-14,-5,-79,-72,-59,-38,-39,-37,-38,-22,-22,-23,-28,-22,-22,-22,-26,-22,-17,-8,-45,-18,-23,-14,-16,0,-8,-12,-18,-8,-18,0,0,0,0,0,0]} 1. e4 e5 2. Nf3 Nc6 3. Bc4 Bc5 4. O-O Nf6 5. d3 d6 6. c3 O-O 7. Re1 a6 {C54: Giuoco Piano: 4 c3 Nf6, main lines with 5 d4 and 5 d3} 8. a4 (8. Bb3 Re8 9. h3 h6 10. Nbd2 Be6 11. Nf1 Bxb3 12. Qxb3 d5 13. Be3 Bf8 14. Rad1 Na5 15. Qc2 {0-1 (43) So,W (2812)-Carlsen,M (2832) Paris 2017}) 8... Ba7 9. h3 h6 10. Nbd2 Ne7 11. d4 Ng6 12. Bf1 {LiveBook: 7 Games} Re8 13. Qc2 {[#]} d5 $146 ({Predecessor:} 13... Nh7 14. Nb3 Nh4 15. Nxh4 Qxh4 16. dxe5 dxe5 17. Be3 Ng5 18. Bxa7 Rxa7 {0-1 (69) Dragnev,V (2515)-Zilka,S (2523) Stara Lubovna 2017}) 14. exd5 {[%cal Rf3e5]} exd4 15. Rxe8+ Qxe8 16. Nxd4 ({White should try} 16. c4 $14) 16... Nxd5 $11 17. N2f3 c5 18. Nf5 Be6 19. Bd2 Qd7 20. Ng3 Rd8 21. b3 Bb8 22. Re1 Ndf4 23. Bxf4 Nxf4 24. c4 Qc6 {Black wants to play ...Nxh3+!} 25. Qe4 Qb6 26. Qe3 Bd7 27. Qc3 Qg6 28. Qe3 Bc6 {...Nxh3+! is the strong threat.} 29. Ne5 (29. Qe7 $1 $11 Qd6 30. Nf5) 29... Bxe5 $1 $17 30. Qxe5 Re8 31. Qc3 {Hoping for Rxe8+.} Rxe1 32. Qxe1 Qf6 33. Qe3 Ne6 34. Bd3 Qa1+ 35. Kh2 Qd4 36. Be4 Bxe4 37. Nxe4 Qe5+ 38. g3 (38. Ng3 $5 {[%cal Re3e5]} Qd6 39. Qe4 $11) 38... Nd4 39. Nd2 Qe6 40. h4 {The position is equal.} b6 41. Kg2 (41. b4 $5) 41... Qc6+ 42. Kg1 a5 43. Qe5 Qg6 44. Kg2 Qd3 45. Qe3 Qf5 46. Nf3 {Precision: White = 58%, Black = 50%.} 1/2-1/2

[Event "XVII MetLife Najdorf Open 2017"]
[Site "Warsaw"]
[Date "2017.07.17"]
[Round "9"]
[White "Jakubowski, Krzysztof"]
[Black "Rakesh, Kumar Jena"]
[Result "1-0"]
[WhiteElo "2518"]
[BlackElo "2283"]
[Annotator "TA"]
[PlyCount "43"]
[EventDate "2017.??.??"]
[EventType "swiss"]
[EventCountry "POL"]
[SourceTitle "playchess.com"]
[Source "ChessBase"]
[SourceQuality "1"]

{[%evp 12,43,-14,-26,86,67,77,70,63,74,91,85,231,235,433,426,430,418,426,423,423,407,579,571,548,544,589,583,575,560,641,645,670,611]} 1. e4 c5 2. Nc3 e6 3. g3 Nc6 4. Bg2 Nf6 5. f4 d5 6. d3 d4 7. Nce2 {LiveBook: 9 Games. B24: Closed Sicilian: 3 g3 sidelines} c4 $146 (7... Be7 $11 {keeps the balance.}) ({Predecessor:} 7... Be7 8. Nf3 O-O 9. O-O Rb8 10. h3 b5 11. g4 Qb6 12. f5 exf5 13. gxf5 Nd7 14. Nf4 Nde5 15. Nd5 Qd8 16. Nxe5 Nxe5 {0-1 (30) Palchun,G (2288)-Tregubov,P (2571) Sochi 2015}) 8. dxc4 $16 Qa5+ 9. Bd2 {White is better.} Qb6 10. Rb1 e5 {[#]} 11. b4 $1 {[%mdl 512]} d3 (11... a5 $16) (11... Nxb4 12. a3) 12. cxd3 $18 Nxb4 $2 {[#]} (12... a5 {was necessary.}) 13. Rxb4 $1 {[%mdl 512]} Bxb4 14. Qa4+ Bd7 15. Qxb4 Qxb4 16. Bxb4 Bc6 (16... Ng4 $142 17. Bd2 exf4 18. gxf4 O-O) 17. fxe5 {White is clearly winning.} Ng4 18. Bd6 f6 19. exf6 gxf6 20. Nd4 O-O-O 21. c5 Ba4 22. Ngf3 1-0